000 00495nam a2200181Ia 4500
999 _c30221
_d30221
003 OSt
005 20201229134912.0
008 190216s9999||||xx |||||||||||||| ||und||
020 _a9788192828749
040 _coclc
082 _a894.812301
_bMUR/U
100 _aMurali, B
_97949
245 0 _aUmberto Eco /
_cB Murali
260 _bHaritham Books,
_c2018.
_aCalicut:
300 _a114p
650 _aMalayalam
942 _cBK
_2ddc
_h894.812301
_iMUR/U
_k894.812301
_mMUR/U